000 01435cam a22003374a 4500
999 _c331714
_d331714
001 14624824
003 NUST
005 20180117090032.0
008 061106s2007 cou b 001 0 eng
010 _a 2006036952
020 _a9780813343594 (pbk. : alk. paper)
020 _a0813343593 (pbk. : alk. paper)
040 _aDLC
_cDLC
_dDLC
050 0 0 _aH97
_b.T475 2007
082 0 0 _a320.6
_222
245 0 0 _aTheories of the policy process /
_cedited by Paul A. Sabatier.
250 _a2nd ed.
260 _aBoulder, Colo. :
_bWestview Press,
_cc2007.
300 _avi, 344 p. ;
_c23 cm.
504 _aIncludes bibliographical references and index.
650 0 _aPolicy sciences.
_95497
650 0 _aPolitical planning.
_95498
700 1 _aSabatier, Paul A.
_95499
856 4 1 _3Table of contents only
_uhttp://www.loc.gov/catdir/toc/ecip074/2006036952.html
856 4 2 _3Contributor biographical information
_uhttp://www.loc.gov/catdir/enhancements/fy0833/2006036952-b.html
856 4 2 _3Publisher description
_uhttp://www.loc.gov/catdir/enhancements/fy0833/2006036952-d.html
906 _a7
_bcbc
_corignew
_d1
_eecip
_f20
_gy-gencatlg
942 _2ddc
_cBK